wybierz 22 standardowe levele w geometry dash - Statystyki

Ogólne statystyki
  • Ten quiz został rozwiązany 27 razy
  • Średni wynik to 9 z 22
Answers on the Grid
Answers color-coded by a green-red scale on the quiz's grid according to % correct below.
Space 2
Galaxy Level
Dry Out
G E A
Deadlocked
The Hardest
De Dash
Xstep
Cellar
Stereo Madness
Get Out
Clutterfunk
Route
Fingerdash
111111111
Hexagon Force
Heaxagon 2
Taction 1
Electrodynamix
Machine Time
Time Machine
Deadlocked 2
Electroman Adventures
Blast Processing
Logic 2
Cycles
Geometrical Dominator
toe2
Theory of Everything 2
The Tower
Tactic Brain
Can't Let go
Theory of Everything 3
Stero Madness
No way
Base After Base
Ea Sports
Theory of Everything
Polkargeist
Back On Track
Qwerty
Clubstep
Electregodynamix
LoL
The Sewers
Dash
Polargeist
Meme
Jumper
 
Statystyki odpowiedzi
Odpowiedź % Poprawnych
Dry Out
79%
Hexagon Force
71%
Clutterfunk
64%
Xstep
64%
Deadlocked
57%
Fingerdash
57%
Stereo Madness
57%
Electrodynamix
43%
Can't Let go
36%
Electroman Adventures
36%
Geometrical Dominator
36%
Jumper
36%
Time Machine
36%
Back On Track
29%
Blast Processing
29%
Cycles
29%
Dash
29%
Theory of Everything 2
29%
Base After Base
21%
Clubstep
21%
Polargeist
21%
Theory of Everything
21%
Nie znaleziono quizów pasujących do podanych kryteriów
Rozkład punktacji
Procent ludzi z każdym wynikiem
Percentyl według liczby udzielonych odpowiedzi
Twoja historia wyników
Nie rozwiązałeś tego quizu